Statistiques concernant Numéro de la Blacklist fin saison 1

Cliquez ici pour prendre le quiz!

Statistiques générales

  • Ce quiz a été pris 5 fois
  • Le résultat moyen est 3 sur 20

Statistiques - réponses

NuméroÉpisodeRéponse% Correct
821-22Berlin
50%
1614Le Marmiton
50%
169-10Anslo Garrick
25%
1526Gina Zanetakos
25%
Hors-Série1La Liste
25%
855Le Coursier
25%
4220Le Faiseur de Rois
25%
1452Le Freelance
25%
5715Le Juge
25%
119-120-121-12219Les Frères Pavlovich
25%
843Wujing
25%
477Frederick Barnes
0%
1098Général Ludd
0%
8817Ivan
0%
6413L'Agence Cyprus
0%
10112L'Alchimiste
0%
10611Le Bon Samaritain
0%
7314Madeline Pratt
0%
8316Mako Tanida
0%
13518Milton Bobbit
0%

Distribution des résultats

Percentile par nombre de réponses

% des personnes avec chaque résultat

Votre développement - résultats

Vous n’avez pas pris ce quiz